Egyptian Mythology Slideshow Quiz Stats

Quiz Updated Feb 25, 2015

Challenge
Share
Tweet
Score 0/20 Timer 06:00
4 Plays Today
% Correct
Ra
91.1%
Anubis
73.7%
Horus
57.2%
Isis
54.9%
Osiris
42%
Set
39.8%
Bastet
35.5%
Thoth
32%
Amun
22.6%
Sekhmet
22.2%
% Correct
Ma'at
20.7%
Sobek
19.9%
Ptah
19.4%
Hathor
18.8%
Nephthys
14.3%
Khnum
14.1%
Shu
13.5%
Taweret
11.5%
Seshat
10.9%
Khonsu
9.4%

You're not logged in!

Compare scores with friends on all Sporcle quizzes.
Join for Free
OR
Log In

You Might Also Like...

Show Comments

Extras

Top Quizzes Today


Score Distribution

Your Account Isn't Verified!

In order to create a playlist on Sporcle, you need to verify the email address you used during registration. Go to your Sporcle Settings to finish the process.

Report this User

Report this user for behavior that violates our Community Guidelines.

Details: